|
|
|
|
| LEADER |
00000nam0a2200000 4500 |
| 001 |
261886 |
| 005 |
20231101233613.0 |
| 010 |
|
|
|a 3060622361
|
| 035 |
|
|
|a (RuTPU)RU\TPU\book\284868
|
| 090 |
|
|
|a 261886
|
| 100 |
|
|
|a 20140528d1987 km y0gery50 ba
|
| 101 |
0 |
|
|a ger
|
| 102 |
|
|
|a DE
|
| 105 |
|
|
|a a z 001zy
|
| 200 |
1 |
|
|a Mikrorechentechnik programmierung
|f P. Barth, S. Bohnsack
|
| 210 |
|
|
|a Berlin
|c Volk und Wissen
|d 1987
|
| 215 |
|
|
|a 320 с.
|c il.
|
| 225 |
1 |
|
|a Studienbucherei fur Lehrer des Polytechnischen Unterrichts
|
| 320 |
|
|
|a Register: p. 317-320
|
| 606 |
1 |
|
|a Вычислительные машины электронные персональные
|x Программное обеспечение
|x Derive,Windows,Delphi Mathcad,MS-DOS ,PS/2,Paradox,MatJAB,FoxPro
|2 stltpush
|3 (RuTPU)RU\TPU\subj\4213
|9 32507
|
| 606 |
1 |
|
|a Вычислительные машины, электронные (ЭВМ)
|2 stltpush
|3 (RuTPU)RU\TPU\subj\71527
|9 85403
|
| 610 |
1 |
|
|a информационные технологии
|
| 610 |
1 |
|
|a вычислительная техника
|
| 610 |
1 |
|
|a ЭВМ
|
| 610 |
1 |
|
|a микроЭВМ
|
| 610 |
1 |
|
|a программирование
|
| 610 |
1 |
|
|a немецкий язык
|
| 675 |
|
|
|a 004.38
|v 4
|
| 675 |
|
|
|a 621.322-181.4.06
|v 3
|
| 700 |
|
1 |
|a Barth
|b P.
|g Peter
|
| 701 |
|
1 |
|a Bohnsack
|b S.
|g Siegfried
|
| 801 |
|
1 |
|a RU
|b 63413507
|c 20140528
|
| 801 |
|
2 |
|a RU
|b 63413507
|c 20160614
|g RCR
|
| 942 |
|
|
|c BK
|